=LDR 00000nam 2200000 4500 =001 INLIS000000000022635 =005 20130612121355 =008 ***********************************Ind** =035 ##$$0010-061300000022635 =041 ##$$a Ind =082 ##$$a 923.7 =090 ##$$a 923.7, Rek-r =245 ##$$a Rektor-rektor UGM, Biografi pendidikan, Editor ; Ana Nadhya Abrar, B.R. Suryo Baskoro =260 ##$$a 2004 $b Yogyakarta =300 ##$$a xxviii,327 hlm., ilus, 25 cm =650 ##$$a Rektor-Biografi =850 ##$$a NBPNMAT